| 000 | 00560cam a2200205ua 4500 | ||
|---|---|---|---|
| 001 | 3814 | ||
| 005 | 20260515113732.0 | ||
| 008 | 111222n ii |||gr||||Z||||||asm | ||
| 020 | _a81-85905-82-7 | ||
| 040 | _cMAIN | ||
| 082 | _a780 | ||
| 100 |
_aBora, Dhurbajyoti, _eAuthor. |
||
| 245 | 1 | 1 |
_aO` mur suria mat : _badhunik jatia bhasa hisape asamiya bhasar bikash / _cby Dhurbajyoti Bora |
| 250 | _a1st. | ||
| 260 |
_aGuwahati: _bStudents stores,994. |
||
| 300 |
_a135p: _c23cm. |
||
| 653 | _aAssamese language | ||
| 653 | _aO` mur suria mat | ||
| 942 | _cBK | ||
| 999 |
_c3636 _d3636 |
||